| 000 | 00633nam a2200193Ia 4500 | ||
|---|---|---|---|
| 005 | 20250326141727.0 | ||
| 008 | 250326s9999 xx 000 0 und d | ||
| 020 | _a0-521-36517-1 | ||
| 037 | _aTextbook | ||
| 040 |
_aFMSL _beng _cFMSL |
||
| 041 |
_aeng _2eng |
||
| 084 |
_aSNIobX:8 N0 _qFMSL |
||
| 100 |
_aLincoln James R _9249382 |
||
| 245 | 0 |
_aCulture control and commitment:A study of work attitudes in the united states and japan _cLincoln James R; Kalleberg Arne L |
|
| 260 |
_aNew York _bNew York, Combridge University _c1990 |
||
| 300 | _axii,291 | ||
| 942 |
_cTB _hSNIobX:8 N0 |
||
| 999 |
_c1291681 _d1291681 |
||